000 01322cam a2200349Ia 4500
001 8161613
003 ARRUPE
005 20131011135031.0
008 100518s2010 enkab b 001 0 eng
020 _a9781847010209 (James Currey cloth)
020 _a1847010202 (James Currey cloth)
020 _a9781779221087 (Weaver Press)
020 _a1779221088 (Weaver Press)
024 _a60001227481
035 _a(OCoLC)ocn632086265
035 _a(OCoLC)632086265
_z(OCoLC)515480897
035 _a(NNC)8161613
040 _aUKM
_cUKM
_dBTCTA
_dYDXCP
_dBWK
_dWAU
_dNhCcYBP
050 4 _aDT3025.B85
_bR36 2010
100 1 _aRanger, T. O.
_q(Terence O.)
_92476
245 1 0 _aBulawayo burning :
_bthe social history of a southern African city, 1893-1960 /
_cTerence Ranger.
260 _aWoodbridge, Suffolk, UK ;
_aRochester, NY :
_bJames Currey,
_c2010.
300 _aix, 261 p. :
_bill., maps ;
_c24 cm.
504 _aIncludes bibliographical references (p. 251-254) and index.
600 1 0 _aVera, Yvonne.
_tButterfly burning.
_92477
651 0 _aBulawayo (Zimbabwe)
_xHistory
_y20th century.
_92478
651 0 _aBulawayo (Zimbabwe)
_xSocial conditions
_y20th century.
_92479
651 0 _aBulawayo (Zimbabwe)
_xRace relations.
_92480
942 _2lcc
_cMONOGRAPH
948 1 _a20101207
_bc
_csds12
_dMPS
999 _c118336
_d118336